00685cam a22002291 4500001001300000003000400013005001700017008004100034010001700075025001900092035002000111040001800131042001200149050002000161100002800181245006500209260003900274300003000313500003800343651005700381999001700438sa 67004936 DLC20260227112352.0840409s1965 ii a 000 0 eng  asa 67004936  aPL480:I-E-5662 a(OCoLC)10607821 aDLCcMBMdDLC apremarc00aDS485.N68bN3131 aNāragolakara, Kusuma.10aIn the wake of the Chinese thrust.cForeword by Y.B. Chavan. aBombay,bPopular Prakashanc[1965] ax, 276 p.billus.c19 cm. aL.C. copy imperfect: map wanting. 0aArunāchal Pradesh (India)xDescription and travel. c74846d74846